|
|
|
|
| LEADER |
01785nim a2200517 i 4500 |
| 001 |
001535667 |
| 003 |
CZ BrMZK |
| 005 |
20160817064316.0 |
| 007 |
sd fungnnmmned |
| 008 |
160718t20142014xr ||nne z n cze |
| 015 |
|
|
|a cnb002623763
|
| 024 |
1 |
|
|a 602537791866
|
| 028 |
0 |
1 |
|a 377 918-6
|b Universal Music
|
| 040 |
|
|
|a BOA001
|b cze
|e rda
|
| 072 |
|
7 |
|a 821.162.3-3
|x Česká próza
|2 Konspekt
|9 25
|
| 072 |
|
7 |
|a 821-93
|x Literatura pro děti a mládež (beletrie)
|2 Konspekt
|9 26
|
| 080 |
|
|
|a 821.162.3-34
|2 MRF
|
| 080 |
|
|
|a (086.7.053.2)
|2 MRF
|
| 080 |
|
|
|a (086.76)
|2 MRF
|
| 245 |
0 |
0 |
|a O Smolíčkovi, O oslí kůži a O pavím králi
|
| 246 |
3 |
0 |
|a O oslí kůži
|
| 246 |
3 |
0 |
|a O pavím králi
|
| 264 |
|
1 |
|a [Praha] :
|b Universal Music,
|c [2014]
|
| 264 |
|
4 |
|c ℗2014
|
| 300 |
|
|
|a 1 CD audio ;
|c 12 cm
|
| 336 |
|
|
|a mluvené slovo
|b spw
|2 rdacontent
|
| 337 |
|
|
|a audio
|b s
|2 rdamedia
|
| 338 |
|
|
|a audiodisk
|b sd
|2 rdacarrier
|
| 344 |
|
|
|a digital
|b optical
|2 rda
|
| 347 |
|
|
|a audio soubor
|b CD audio
|2 rda
|
| 490 |
1 |
|
|a Pohádková edice
|
| 500 |
|
|
|a Název z disku
|
| 500 |
|
|
|a Fonogram 1994
|
| 500 |
|
|
|a "Na motivy pohádek Františka Hrubína"--Pouzdro
|
| 508 |
|
|
|a Režie Ivan Holeček
|
| 511 |
0 |
|
|a Vypráví Eduard Cupák a Miroslav Moravec
|
| 655 |
|
7 |
|a české pohádky
|7 fd133970
|2 czenas
|
| 655 |
|
7 |
|a zvukové záznamy pro děti a mládež
|7 fd186726
|2 czenas
|
| 655 |
|
7 |
|a kompaktní disky
|7 fd201991
|2 czenas
|
| 700 |
1 |
|
|a Holeček, Ivan,
|d 1940-
|7 jx20040615022
|4 drt
|
| 700 |
1 |
|
|a Cupák, Eduard,
|d 1932-1996
|7 jn99240000141
|4 stl
|
| 830 |
|
0 |
|a Pohádková edice
|
| 910 |
|
|
|a BOA001
|b CDR-1372.001
|
| 990 |
|
|
|a AV
|
| 991 |
|
|
|b 201608
|c NOV
|
| 996 |
6 |
|
|b 2610676528
|c CDR-1372.001
|l MZK
|r Sklad / do 24 hodin
|n 0
|p p.v.
|w 001570813
|u 000010
|a 1
|e BOA001
|j MZK50
|s P
|